000 00943nam0a22002531 4500
001 rc\3486956
005 20130115140907.8
035 _a(NLR Aleph) 007604941
090 _a5754789
_c5754789
100 _a20130115d1974 |||y0rusy50 ca
101 1 _arus
_ceng
102 _aRU
105 _ay z |||||
200 1 _aВоенная мощь и военный потенциал
_eПер. с англ.
_fС предисл. д-ра воен. наук, проф. Н.А. Зубкова
_gИн-т мировой экономики и междунар. отношений АН СССР. Отд. техн.-экон. исследований
210 _aМосква
_cБ. и.
_d1974
215 _a327 с.
_d20
333 _aДСП. Экз. № 194
700 1 _aНорр
_bК.
_gКлаус
702 1 _aЗубков
_bН. А.
_4080
801 0 _aRU
_bNLR
_gpsbo
801 1 _aRU
_bELAR
_2rusmarc
852 _aNLR
_j75-50К/246
942 _cBOOK
980 _aNB